000 00470nam a2200193Ia 4500
005 20250423100112.0
008 250422s9999 xx 000 0 und d
020 _a9780721647937
050 _aRC 119 .J64/
100 _aJohn, David T.
245 0 _aMarkell and Voge's medical parasitology
250 _a9th ed.
260 _aUnited State
260 _bSaunders/Elsevier
260 _c2006
300 _a463 p
650 _aMedical parasitology.
942 _cBK
999 _c32292
_d32292